MARC

LEADER 00000nam0a2200000 4500
001 257892
005 20231031220050.0
035 |a (RuTPU)RU\TPU\book\280715 
090 |a 257892 
100 |a 20140421d1987 k y0rusy50 ca 
101 0 |a rus 
102 |a RU 
105 |a a z 101zy 
200 1 |a Применение металлоорганических соединений для получения неорганических покрытий и материалов  |e тезисы докладов V Всесоюзного совещания, Горький, 8-10 сентября 1987 г.  |f Горьковский государственный университет им. Н. И. Лобачевского (ГГУ), Научно-исследовательский институт химии ; Академия наук СССР (АН СССР), Уральское отделение (УрО), Институт химии ; под ред. Г. А. Домрачева 
210 |a Москва  |c Наука  |d 1987 
215 |a 272 с.  |c ил. 
320 |a Библиография в конце докладов. 
606 1 |a Защитные покрытия  |x Нанесение  |2 stltpush  |3 (RuTPU)RU\TPU\subj\11431 
610 1 |a металлоорганические соединения 
610 1 |a применение 
610 1 |a неорганические покрытия 
610 1 |a получение 
610 1 |a термическое разложение 
610 1 |a пленки 
610 1 |a осаждение 
610 1 |a неорганические материалы 
610 1 |a совещания 
610 1 |a тезисы докладов 
675 |a 621.793  |v 3 
702 1 |a Домрачев  |b Г. А.  |4 340 
712 0 2 |a Горьковский государственный университет им. Н. И. Лобачевского (ГГУ)  |b Научно-исследовательский институт химии  |2 stltpush  |3 (RuTPU)RU\TPU\col\2603 
712 0 2 |a Академия наук СССР (АН СССР)  |b Уральское отделение (УрО)  |b Институт химии  |2 stltpush  |3 (RuTPU)RU\TPU\col\17130 
712 1 2 |a Применение металлоорганических соединений для получения неорганических покрытий и материалов  |b Всесоюзное совещание  |c тезисы докладов  |d 5  |e Горький  |f 1987 
801 1 |a RU  |b 63413507  |c 20140421 
801 2 |a RU  |b 63413507  |c 20141121  |g RCR 
942 |c BK